书目信息 |
| 题名: |
学前卫生学
|
|
| 作者: | 麦少美 主编 ;高秀欣 副主编 | |
| 分册: | ||
| 出版信息: | 上海 复旦大学出版社 2005 |
|
| 页数: | 149页 | |
| 开本: | 30cm | |
| 丛书名: | 复旦卓越·全国学前教育专业系列 | |
| 单 册: | ||
| 中图分类: | R179 | |
| 科图分类: | ||
| 主题词: | 学前儿童--儿童少年卫生学--师资培训--教材 | |
| 电子资源: | ||
| ISBN: | 7-309-04503-3 | |
| 000 | 01307nam0 2200349 450 | |
| 000 | 01270nam0 2200337 450 | |
| 000 | 01268nam0 2200349 450 | |
| 000 | 01214nam0 2200325 450 | |
| 000 | 01232nam0 2200313 450 | |
| 000 | 01195nam0 2200301 45 | |
| 001 | TS2006035723 | |
| 005 | 20061203171214.42 | |
| 010 | @a7-309-04503-3@dCNY15.00 | |
| 100 | @a20060829d2005 em y0chiy0120 ea | |
| 101 | 0 | @achi |
| 102 | @aCN@b310000 | |
| 105 | @aa a 000yy | |
| 200 | 1 | @a学前卫生学@AXue Qian Wei Sheng Xue@f麦少美主编@FMai Shao Mei Zhu Bian@g高秀欣副主编 |
| 210 | @a上海@c复旦大学出版社@d2005 | |
| 215 | @a149页@c图@d30cm | |
| 225 | 1 | @a复旦卓越·全国学前教育专业系列 |
| 320 | @a有书目: (第149页) | |
| 330 | @a本书共分八章,介绍了人体的基本概况;阐述人体八大系统及感觉器官的组成和主要功能,重点介绍学前儿童生长发育年龄的划分、学前儿童生长发育的规律及影响因素,叙述了学前儿童生活制度及保健制度等。 | |
| 410 | 0 | @12001 @a复旦卓越·全国学前教育专业系列 |
| 606 | 0 | @a学前儿童@x儿童少年卫生学@x师资培训@x教材 |
| 690 | @aR179@v4 | |
| 701 | 0 | @a麦少美@AMai Shao Mei@4主编 |
| 702 | 0 | @a高秀欣@AGao Xiu Xin@4副主编 |
| 801 | 0 | @aCN@b中图数据@c20061203 |
| 905 | @a10447@dR179@e116 | |
| 学前卫生学/麦少美主编/高秀欣副主编.-上海:复旦大学出版社,2005 |
| 149页:图;30cm.-(复旦卓越·全国学前教育专业系列) |
| ISBN 7-309-04503-3:CNY15.00 |
| 本书共分八章,介绍了人体的基本概况;阐述人体八大系统及感觉器官的组成和主要功能,重点介绍学前儿童生长发育年龄的划分、学前儿童生长发育的规律及影响因素,叙述了学前儿童生活制度及保健制度等。 |
| ● |
| 相关链接 |
|
|
|
|
正题名:学前卫生学
索取号:R179/116
 
预约/预借
| 序号 | 登录号 | 条形码 | 馆藏地/架位号 | 状态 | 备注 |
| 1 | 0604197 | 206041978 | 第二样本阅览室/ [索取号:R179/116] | 在馆 | |
| 2 | 0604198 | 206041987 | 教育系资料室/ [索取号:R179/116] | 在馆 | |
| 3 | 0604199 | 206041996 | 第三借阅区/ [索取号:R179/116] | 在馆 | |
| 4 | 0604200 | 206042003 | 教育系资料室/ [索取号:R179/116] | 在馆 | |
| 5 | 0604201 | 206042012 | 第三借阅区/ [索取号:R179/116] | 在馆 |